Страны, Проголосовавшие Против Борьбы с Нацизмом - Statistics

General Stats
  • This quiz has been taken 622 times
  • The average score is 28 of 50
Answer Stats
Страна % Correct
Германия
85%
Соединëнные Штаты Америки
84%
Италия
77%
Франция
77%
Украина
76%
Испания
75%
Швеция
73%
Австрия
71%
Великобритания
71%
Финляндия
70%
Норвегия
69%
Польша
69%
Канада
67%
Япония
67%
Словакия
66%
Венгрия
65%
Латвия
65%
Литва
65%
Эстония
65%
Португалия
64%
Словения
63%
Болгария
62%
Чехия
62%
Бельгия
61%
Румыния
61%
Австралия
60%
Дания
60%
Албания
59%
Нидерланды
59%
Греция
58%
Люксембург
58%
Хорватия
58%
Андорра
56%
Ирландия
53%
Босния и Герцеговина
50%
Исландия
49%
Лихтенштейн
49%
Монако
49%
Черногория
49%
Молдова
47%
Сан-Марино
47%
Северная Македония
40%
Мальта
38%
Грузия
34%
Новая Зеландия
33%
Кипр
27%
Федеративные Штаты Микронезии
12%
Либерия
4%
Маршалловы Острова
4%
Кирибати
3%
No matching quizzes found
Score Distribution
Percent of People with Each Score
Percentile by Number Answered
Your Score History
You have not taken this quiz